<?xml version="1.0" encoding="UTF-8"?>
<record
    xmlns:xsi="http://www.w3.org/2001/XMLSchema-instance"
    xsi:schemaLocation="http://www.loc.gov/MARC21/slim http://www.loc.gov/standards/marcxml/schema/MARC21slim.xsd"
    xmlns="http://www.loc.gov/MARC21/slim">

  <leader>02025cam a2200313 a 4500</leader>
  <controlfield tag="001">2976149</controlfield>
  <controlfield tag="003">OSt</controlfield>
  <controlfield tag="005">20230429121232.0</controlfield>
  <controlfield tag="008">920211s1992    nyu      b    001 0 eng  </controlfield>
  <datafield tag="010" ind1=" " ind2=" ">
    <subfield code="a">   92007187 </subfield>
  </datafield>
  <datafield tag="020" ind1=" " ind2=" ">
    <subfield code="a">0415906296 </subfield>
  </datafield>
  <datafield tag="020" ind1=" " ind2=" ">
    <subfield code="a">041590630X (PB) :</subfield>
  </datafield>
  <datafield tag="040" ind1=" " ind2=" ">
    <subfield code="a">DLC</subfield>
    <subfield code="c">LC</subfield>
    <subfield code="d">DLC</subfield>
  </datafield>
  <datafield tag="050" ind1="0" ind2="0">
    <subfield code="a">P94.5.W65.W68 </subfield>
  </datafield>
  <datafield tag="082" ind1="0" ind2="0">
    <subfield code="a">302.2/082</subfield>
    <subfield code="2">20</subfield>
  </datafield>
  <datafield tag="245" ind1="0" ind2="0">
    <subfield code="a">Women making meaning: new feminist directions in communication. /</subfield>
    <subfield code="c">[edited by] Lana F. Rakow.</subfield>
  </datafield>
  <datafield tag="260" ind1=" " ind2=" ">
    <subfield code="a">New York &amp; London:</subfield>
    <subfield code="b">Routledge,</subfield>
    <subfield code="c">1992.</subfield>
  </datafield>
  <datafield tag="300" ind1=" " ind2=" ">
    <subfield code="a">x, 302 p. ;</subfield>
    <subfield code="c">24 cm.</subfield>
  </datafield>
  <datafield tag="504" ind1=" " ind2=" ">
    <subfield code="a">Includes bibliographical references and index.</subfield>
  </datafield>
  <datafield tag="505" ind1=" " ind2=" ">
    <subfield code="a">Contents: The Politics of making meaning: The field reconsidered -- Male to female as .... is to ....: a guided tour of five feminist frameworks for communication studies -- The Politics of difference: race, class and women's communication -- Accounting for others: feminism and representation -- Beyond the field's boundaries: Theorizing through the body -- Harassment and everyday life -- The History and structure of women's alternative media -- Pornography's active subordination of women: radical feminists re-claim speech rights -- Women's revolutionary place -- Case studies in making meaning: Big differences on the small screen: race, class, gender, feminine beauty and the characters at Frank's place -- Mary Ann Shadd Cary and the legacy of African-American Women Journalists -- The Contribution of Chinese American Women's identity -- Women's narratives in a New York Puerto Rican community -- Telling stories about reality: Women's responses to a workplace organizing campaign -- </subfield>
  </datafield>
  <datafield tag="650" ind1=" " ind2="0">
    <subfield code="a">Women in communication.</subfield>
    <subfield code="9">1371</subfield>
  </datafield>
  <datafield tag="650" ind1=" " ind2="0">
    <subfield code="a">Women</subfield>
    <subfield code="x">Communication.</subfield>
    <subfield code="9">1372</subfield>
  </datafield>
  <datafield tag="650" ind1=" " ind2="0">
    <subfield code="a">Communication</subfield>
    <subfield code="x">Sex differences.</subfield>
    <subfield code="9">1358</subfield>
  </datafield>
  <datafield tag="650" ind1=" " ind2="0">
    <subfield code="a">Feminist theory.</subfield>
    <subfield code="9">1362</subfield>
  </datafield>
  <datafield tag="700" ind1="1" ind2=" ">
    <subfield code="a">Rakow, Lana F.</subfield>
    <subfield code="9">1373</subfield>
  </datafield>
  <datafield tag="906" ind1=" " ind2=" ">
    <subfield code="a">7</subfield>
    <subfield code="b">cbc</subfield>
    <subfield code="c">orignew</subfield>
    <subfield code="d">1</subfield>
    <subfield code="e">ocip</subfield>
    <subfield code="f">19</subfield>
    <subfield code="g">y-gencatlg</subfield>
  </datafield>
  <datafield tag="942" ind1=" " ind2=" ">
    <subfield code="2">lcc</subfield>
    <subfield code="c">BK</subfield>
  </datafield>
  <datafield tag="999" ind1=" " ind2=" ">
    <subfield code="c">9569</subfield>
    <subfield code="d">17069</subfield>
  </datafield>
  <datafield tag="952" ind1=" " ind2=" ">
    <subfield code="0">0</subfield>
    <subfield code="1">0</subfield>
    <subfield code="2">lcc</subfield>
    <subfield code="4">0</subfield>
    <subfield code="7">0</subfield>
    <subfield code="a">WIUC-KL</subfield>
    <subfield code="b">WIUC-KL</subfield>
    <subfield code="c">GEN</subfield>
    <subfield code="d">2023-03-16</subfield>
    <subfield code="l">0</subfield>
    <subfield code="o">P94.5.W65.W68</subfield>
    <subfield code="p">K/3128/0226/23</subfield>
    <subfield code="r">2023-04-29 00:00:00</subfield>
    <subfield code="w">2023-04-29</subfield>
    <subfield code="y">BK</subfield>
  </datafield>
</record>
